000 00471nam a2200181Ia 4500
001 2809
005 20260306144834.0
008 260306t2005||||xx |||||||||||||| ||spa||
041 _aESP
082 _a230.1
_bS719
100 _aSayés, José Antonio
_eAUT
245 0 _aLa esencia del cristianismo:
_bdiálogo con K. Rahner y H. U. von Balthasar
260 _c2005
300 _a381 páginas :
_c20 cm.
650 _aGEN
654 _aCHU
942 _cLIB
_dJUS
_fJUS
_2ddc
_n
999 _c2809
_d2809